000 00444nam a2200157 4500
001 112548
003 ES-MaACL
005 20230906185545.0
007 t|
008 061121s1951 sp r ||||1| spa d
100 1 _aNovais Tomé, José Antonio.
_986052
245 1 4 _aLas formidables señas
_b: poema /
_cJosé Antonio Novais.
260 _aMadrid :
_bRubiños,
_c1951.
300 _a16 h. ;
_c17 cm.
852 _aES-MaACL
_j1938-F-4
_bR.31622
999 _c112548
_d112548